अध्यापक शिक्षण / (Record no. 18501)
[ view plain ]
| 000 -LEADER | |
|---|---|
| fixed length control field | 01496nam a22002657a 4500 |
| 005 - DATE AND TIME OF LATEST TRANSACTION | |
| control field | 20081117123210.0 |
| 008 - FIXED-LENGTH DATA ELEMENTS--GENERAL INFORMATION | |
| fixed length control field | 081117t xxu||||| |||| 00| 0 hin d |
| 010 ## - LCCN (DPL NO) | |
| LC control number | HIN-84945 |
| 020 ## - INTERNATIONAL STANDARD BOOK NUMBER | |
| Terms of availability | 495.00 |
| International Standard Book Number | 9788190541527 |
| 035 ## - SYSTEM CONTROL NUMBER | |
| System control number | HN-57291 |
| 037 ## - SOURCE OF ACQUISITION | |
| Source of stock number/acquisition | DBAD / VEN |
| 040 ## - CATALOGING SOURCE | |
| Original cataloging agency | DPL |
| Language of cataloging | HN |
| 082 ## - DEWEY DECIMAL CLASSIFICATION NUMBER | |
| Classification number | 370.711 |
| 100 ## - MAIN ENTRY--PERSONAL NAME | |
| Personal name | संतोष कुमार |
| 245 ## - TITLE STATEMENT | |
| Title | अध्यापक शिक्षण / |
| Statement of responsibility, etc | संतोष कुमार महर्षि |
| 246 ## - VARYING FORM OF TITLE | |
| Title proper/short title | Adhyapak shikshan |
| Remainder of title | by Santosh Kumar Mahirshi |
| 260 ## - PUBLICATION, DISTRIBUTION, ETC. (IMPRINT) | |
| Place of publication, distribution, etc | नई दिल्ली |
| Name of publisher, distributor, etc | नेहा पब्लिशर्स एंड डिस्ट्री |
| Date of publication, distribution, etc | 2007 |
| 270 ## - ADDRESS | |
| Address | 4832/24, प्रहृलाद गली, एस 204, अंसारी रोड, दरियागंज |
| City | नई दिल्ली |
| Postal code | 110002 |
| Telephone number | 011 65763093, मो. 9313574531 |
| 300 ## - PHYSICAL DESCRIPTION | |
| Extent | 240पृ |
| Dimensions | 22सेमी (सजिल्द) |
| 650 ## - SUBJECT ADDED ENTRY--TOPICAL TERM | |
| Topical term or geographic name as entry element | अध्यापक |
| General subdivision | प्रशिक्षण |
| 650 ## - SUBJECT ADDED ENTRY--TOPICAL TERM | |
| Topical term or geographic name as entry element | Teachers |
| General subdivision | Training of |
| 942 ## - ADDED ENTRY ELEMENTS (KOHA) | |
| Source of classification or shelving scheme | Dewey Decimal Classification |
| Item type | Hindi Books |
| Call number suffix | संतोष |
| Classification part | 370.711 |
| Withdrawn status | Lost status | Source of classification or shelving scheme | Damaged status | Not for loan | Collection code | Home library | Current library | Date acquired | Source of acquisition | Cost, normal purchase price | Total Checkouts | Full call number | Barcode | Date last seen | Copy number | Cost, replacement price | Koha item type |
|---|---|---|---|---|---|---|---|---|---|---|---|---|---|---|---|---|---|
| Dewey Decimal Classification | Not For Loan | Non-fiction | D.B.Act.Division | D.B.Act.Division | 17/11/2008 | DBAD / VEN | 495.00 | 370.711 संतोष | HN-57291 | 17/11/2008 | 1 | 495.00 | Hindi Books |
